| 000 | 00432nam a2200181 4500 | ||
|---|---|---|---|
| 003 | SEACOMEC | ||
| 005 | 20240417125252.0 | ||
| 008 | 231007b |||||||| |||| 00| 0 eng d | ||
| 020 | _cAPC 936 | ||
| 040 | _aSEACOMEC | ||
| 082 |
_a531 _bR166 |
||
| 100 | 1 | _aRamamurti, V. | |
| 245 | 1 |
_aMechanics of machines _cV. Ramamurti |
|
| 250 | _a2nd ed. | ||
| 260 |
_aNew Delhi _bNarosa _c2005 |
||
| 650 | _aClassical mechanics | ||
| 942 | _cBOOK | ||
| 999 |
_c195 _d195 |
||